| 000 | 01164nam a2200229Ia 4500 | ||
|---|---|---|---|
| 001 | L248-27587 | ||
| 003 | IT-CnALBA | ||
| 008 | 170116s9999||||xx |||||||||||||| ||und|| | ||
| 040 |
_aIT-CnALBA _cIT-CnALBA |
||
| 041 | _aITALIANO | ||
| 100 | _aFULTON J. SHEEN, MONS. | ||
| 245 | 0 | _aLA PACE DELL'ANIMA. | |
| 250 | _a9a ed. | ||
| 260 |
_aNAPOLI _bRICHTER & C. EDIZIONI. NAPOLI _c1955 [1° Ed.:1951] |
||
| 300 | _a380 p. | ||
| 500 | _aTRADUZIONE DALL'INGLESE DI ADA SALVATORE. FILOSOFIA DELL'ANSIETA'. ESAME DI COSCIENZA. PSICANALISI E CONFESSIONE. SESSO E AMORE DI DIO. RIMORSO E PERDONO. PAURA DELLA MORTE. PSICOLOGIA E TEOLOGIA DI CONVERSIONE. SUOI EFFETTI CONFRONTA DOCUMENTI 15959 E 15 | ||
| 501 | _aSocietà San Paolo EM - Piazza San Paolo, 14 - 12051 ALBA (CN) (non commercial uses only) ® Copyright 2017 | ||
| 520 | _aTRADUZIONE DALL'INGLESE DI ADA SALVATORE. FILOSOFIA DELL'ANSIETA'. ESAME DI COSCIENZA. PSICANALISI E CONFESSIONE. SESSO E AMORE DI DIO. RIMORSO E PERDONO. PAURA DELLA MORTE. PSICOLOGIA E TEOLOGIA DI CONVERSIONE. SUOI EFFETTI CONFRONTA DOCUMENTI 15959 E 15 | ||
| 650 | _aASCETICA E MISTICA | ||
| 942 | _cBK | ||
| 957 | _71 | ||
| 999 |
_a32376 _bNO _g Copie: 1 _c286635 _d286635 |
||